| 000 | 00909cab a22001935a 4500 | ||
|---|---|---|---|
| 001 | L142470 | ||
| 008 | 080215s2007 xxkad f s 000 0 eng d | ||
| 035 | _a(Sirsi) u142470 | ||
| 041 | 0 | _aeng | |
| 100 | 1 | _aMcCarty, Thomas D. | |
| 245 | 0 | 0 |
_aSix sigma _bit is not what you think |
| 260 | _c2007 | ||
| 490 | 0 |
_aJournal of Corporate Real Estate _v9(3) 2007, 187-196(10) |
|
| 520 | _aOffers guidance on where the six sigma process, a business improvement system, should be applied to corporate real estate (CRE). Finds market leaders in CRE are looking at cost pressure and performance expectations using process improvement, and six sigma is the most popular method. Concludes that, correctly applied, six sigma can produce real benefits in service environments. | ||
| 651 | 4 | _aInternational | |
| 690 | _aMANAGEMENT-QUALITY MANAGEMENT-PERFORMANCE MEASUREMENT | ||
| 700 | 1 | _aFisher, Sally A. | |
| 942 | _n0 | ||
| 999 |
_c79847 _d79847 |
||